Truyện cổ dân gian Việt Nam tuyển chọn; T2

שמור ב:
מידע ביבליוגרפי
מחבר ראשי: Hoàng Quyết
פורמט: ספר
שפה:Undetermined
יצא לאור: H. VHDT 1997
נושאים:
תגים: הוספת תג
אין תגיות, היה/י הראשונ/ה לתייג את הרשומה!
Thư viện lưu trữ: Trung tâm Học liệu Trường Đại học Cần Thơ
LEADER 00506nam a2200181Ia 4500
001 CTU_53148
008 210402s9999 xx 000 0 und d
020 |b 30000 
082 |a 398.209597 
082 |b H407 
100 |a Hoàng Quyết 
245 0 |a Truyện cổ dân gian Việt Nam tuyển chọn; T2 
245 0 |c Hoàng Quyết 
260 |a H. 
260 |b VHDT 
260 |c 1997 
650 |a folk literature, vietnamese 
980 |a Trung tâm Học liệu Trường Đại học Cần Thơ